Roundtable on interim and confidence building measures in Central America. Discussion. Parte II /

Shranjeno v:
Bibliografske podrobnosti
Glavni avtor: North, Liisa
Autores Corporativos: Central American Policy Alternatives, CAPA
Drugi avtorji: Baranyi, Steven Leonard, Julie
Format: Texto
Izdano: Ottawa: CAPA
Oznake: Označite
Brez oznak, prvi označite!

MARC

LEADER 00000 a a2200000 04500
001 25492
003
040
090 |a 152708  
100 |a North, Liisa  
110 |a Central American Policy Alternatives  
245 |a Roundtable on interim and confidence building measures in Central America. Discussion. Parte II /  |c Central American Policy Alternatives  
260 |a Ottawa:   |b CAPA  
300 |a 108 p  
700 |a Baranyi, Steven   |a Leonard, Julie  
710 |a CAPA  
999 |c 6654  |d 6654